000 00303nam a2200133 i 4500
001 bg
100 1 _aSINGER, Jerome L.
245 0 _aMarzenia dzienne /
_cJerome L. Singer.
260 _aWarszawa,
_c1980.
040 _cBPK
041 _apol
942 _cKS
008 s pl f |000 0 pol
999 _c21615
_d21615
856 _uhttp://koha.tu.koszalin.pl/cgi-bin/koha/opac-detail.pl?biblionumber=21615
_yKatalog online BPK